<?xml version="1.0" encoding="UTF-8"?>
<collection xmlns="http://www.loc.gov/MARC21/slim">
  <record>
    <leader>00000nam  2200000   4500</leader>
    <controlfield tag="001">NUTBA000000000002022</controlfield>
    <datafield tag="990" ind1="#" ind2="#">
      <subfield code="a">21108527</subfield>
    </datafield>
    <controlfield tag="005">20200206051445</controlfield>
    <datafield tag="990" ind1="#" ind2="#">
      <subfield code="a">21108526</subfield>
    </datafield>
    <datafield tag="035" ind1="#" ind2="#">
      <subfield code="a">0010-051400000000487</subfield>
    </datafield>
    <controlfield tag="008">200206################g##########0#ind##</controlfield>
    <datafield tag="020" ind1="#" ind2="#">
      <subfield code="a">978-979-29-0949-4</subfield>
    </datafield>
    <datafield tag="082" ind1="#" ind2="#">
      <subfield code="a">006.68</subfield>
    </datafield>
    <datafield tag="100" ind1="#" ind2="#">
      <subfield code="a">Edi S Mulyanto</subfield>
    </datafield>
    <datafield tag="245" ind1="1" ind2="#">
      <subfield code="a">Dua Ratus Dua Belas Tip Menguasai Adobe Photoshop CS4 /</subfield>
      <subfield code="c">Edi S Mulyanto; Editor, FI. Sigit Suyantoro</subfield>
    </datafield>
    <datafield tag="260" ind1="#" ind2="#">
      <subfield code="a">yogyakarta :</subfield>
      <subfield code="b">andi,</subfield>
      <subfield code="c">2009</subfield>
    </datafield>
    <datafield tag="084" ind1="#" ind2="#">
      <subfield code="a">006.68 EDI d</subfield>
    </datafield>
    <datafield tag="250" ind1="#" ind2="#">
      <subfield code="a">Ed. IV</subfield>
    </datafield>
    <datafield tag="300" ind1="#" ind2="#">
      <subfield code="a">xiv, 224 hlm, , :</subfield>
      <subfield code="b">Illus ;</subfield>
      <subfield code="c">23 x 16 cm</subfield>
    </datafield>
    <datafield tag="650" ind1="#" ind2="4">
      <subfield code="a">Adobe Photoshop CS4</subfield>
    </datafield>
    <datafield tag="700" ind1=" " ind2="#">
      <subfield code="a">FI. Sigit Suyantoro</subfield>
    </datafield>
    <datafield tag="504" ind1="#" ind2="#">
      <subfield code="a">Hlm. 223</subfield>
    </datafield>
    <datafield tag="990" ind1="#" ind2="#">
      <subfield code="a">21108526</subfield>
    </datafield>
    <datafield tag="990" ind1="#" ind2="#">
      <subfield code="a">21108527</subfield>
    </datafield>
    <datafield tag="990" ind1="#" ind2="#">
      <subfield code="a">21108527</subfield>
    </datafield>
    <datafield tag="990" ind1="#" ind2="#">
      <subfield code="a">21108526</subfield>
    </datafield>
  </record>
</collection>
